Non-traditional agricultural exports in highland Guatemala: understandings of risk and perceptions of change /
Gardado en:
| Autor Principal: | |
|---|---|
| Outros autores: | |
| Formato: | Texto |
| Materias: | |
| Etiquetas: |
Engadir etiqueta
Sen Etiquetas, Sexa o primeiro en etiquetar este rexistro!
|
MARC
| LEADER | 00000 a a2200000 04500 | ||
|---|---|---|---|
| 001 | 9254 | ||
| 003 | |||
| 040 | |||
| 100 | |a Hamilton, Sarah | ||
| 245 | |a Non-traditional agricultural exports in highland Guatemala: |b understandings of risk and perceptions of change / |c Sarah Hamilton | ||
| 650 | |a DIVERSIFICACION DE EXPORTACIONES | ||
| 650 | |a PRODUCCION AGRICOLA | ||
| 650 | |a INGRESO AGRICOLA | ||
| 650 | |a DISTRIBUCION DEL INGRESO | ||
| 650 | |a GUATEMALA | ||
| 650 | |a OPINION | ||
| 700 | |a Fischer, Edward F. | ||
| 773 | |g volumen 38, número 3; páginas 82-110 | ||
| 999 | |c 22953 |d 22953 | ||
